Strictly business, (Record no. 77137)
[ view plain ]
| 000 -LEADER | |
|---|---|
| fixed length control field | 01035cam a2200349I 4500 |
| 001 - CONTROL NUMBER | |
| control field | 77137 |
| 003 - CONTROL NUMBER IDENTIFIER | |
| rucl marc code | BD-RjUL |
| 005 - DATE AND TIME OF LATEST TRANSACTION | |
| control field | 20211209082930.0 |
| 008 - FIXED-LENGTH DATA ELEMENTS--GENERAL INFORMATION | |
| fixed length control field | 200227s1916 nyu 000 1 eng |
| 035 ## - SYSTEM CONTROL NUMBER | |
| System control number | MITb10220073 |
| System control number | BD-RjUL)77361 |
| 040 ## - CATALOGING SOURCE | |
| Original cataloging agency | DLC |
| Transcribing agency | TLT |
| Modifying agency | SER |
| -- | OCL |
| -- | MYG |
| Language of cataloging | eng |
| 041 ## - LANGUAGE CODE | |
| Language code of text/sound track or separate title | eng |
| 049 ## - LOCAL HOLDINGS (OCLC) | |
| Holding library | MYGG |
| 082 ## - DEWEY DECIMAL CLASSIFICATION NUMBER | |
| Edition number | 23 |
| Classification number | 823 |
| Author mark and year | HES 1916 |
| 100 1# - MAIN ENTRY--PERSONAL NAME | |
| Personal name | Henry, O., |
| Dates associated with a name | 1862-1910. |
| 9 (RLIN) | 239896 |
| 245 10 - TITLE STATEMENT | |
| Title | Strictly business, |
| Remainder of title | more stories of the four million / |
| Statement of responsibility, etc. | by O. Henry |
| 260 ## - PUBLICATION, DISTRIBUTION, ETC. (IMPRINT) | |
| Place of publication, distribution, etc. | Garden City, N.Y., |
| Name of publisher, distributor, etc. | Doubleday, Page & Company, |
| Date of publication, distribution, etc. | 1916. |
| 300 ## - PHYSICAL DESCRIPTION | |
| Pagination | 310 p.; |
| Size | 19 cm. |
| 336 ## - CONTENT TYPE | |
| Content type term | text |
| Content type code | txt |
| Source | rdacontent |
| 337 ## - MEDIA TYPE | |
| Media type term | unmediated |
| Media type code | n |
| Source | rdamedia |
| 338 ## - CARRIER TYPE | |
| Carrier type term | volume |
| Carrier type code | nc |
| Source | rdacarrier |
| 650 ## - SUBJECT ADDED ENTRY--TOPICAL TERM | |
| Topical term or geographic name as entry element | Short story |
| 9 (RLIN) | 239897 |
| 910 ## - USER-OPTION DATA (OCLC) | |
| User-option data | 80777!]mg850730 |
| User-option data | 80777!]mg850730 |
| User-option data | MARCIVEAUT |
| 942 ## - ADDED ENTRY ELEMENTS (KOHA) | |
| Source of classification or shelving scheme | Dewey Decimal Classification |
| Koha item type | Books |
| 949 ## - LOCAL PROCESSING INFORMATION (OCLC) | |
| a | MYGH |
| b | [!39080000080777!] |
| -- | [!39080000080785!] |
| Lost status | Source of classification or shelving scheme | Damaged status | Not for loan | Collection code | Permanent Location | Current Location | Shelving location | Date acquired | Total Checkouts | Full call number | Date last seen | Copy number | Koha item type |
|---|---|---|---|---|---|---|---|---|---|---|---|---|---|
| Dewey Decimal Classification | Not For Loan | Non-fiction | Central Library, University of Rajshahi | Central Library, University of Rajshahi | Reading Room | 26/02/2020 | 823 HES 1916 | 26/02/2020 | C-1 | Books |